[Event "TUN-ch sf"]
[Site "Monastir"]
[Date "2024.03.26"]
[Round "9"]
[White "Baghouli, Youssef"]
[Black "Barrani, Adem"]
[Result "0-1"]
[WhiteElo "1409"]
[BlackElo "1752"]
[PlyCount "39"]
[EventDate "2024.03.21"]
[EventType "swiss"]
[EventRounds "9"]
[EventCountry "TUN"]
[SourceTitle "CB15_2024"]
[SourceDate "2024.04.10"]
[SourceVersion "1"]
[SourceVersionDate "2024.04.10"]
[SourceQuality "1"]

1. d4 Nf6 2. Bf4 c5 3. e3 Qb6 4. Nc3 a6 5. a3 d6 6. Rb1 g6 7. dxc5 Qxc5 8. e4 Bg7 9. Be3 Qc7 10. Qd2 h5 11. h3 Nc6 12. Be2 Be6 13. Nf3 Nd7 14. Ng5 Nce5 15. Nxe6 fxe6 16. f4 Nc4 17. Qd3 Qc6 18. 0-0 Rc8 19. e5 Kf7 20. Ne4 0-1